000 01404cam a22004094a 4500
001 muse16331
003 MdBmJHUP
005 20210127150922.0
006 m o d
007 cr||||||||nn|n
008 060321s2006 utu o 00 0 eng d
010 _z 2006009803
020 _a9780874215403
020 _z0874216451 (hardcover : alk. paper)
020 _z9780874216455
035 _a(OCoLC)71214687
040 _aMdBmJHUP
_cMdBmJHUP
050 0 4 _aPS3552.R419
_bW59 2006
082 0 _a811/.54
_222
100 1 _aBrewer, Kenneth,
_d1941-
245 1 0 _aWhy Dogs Stopped Flying
_cby Kenneth W. Brewer.
264 1 _bUtah State University Press,
264 3 _bProject MUSE,
300 _a1 online resource (47 p.)
506 0 _aOpen Access
_fUnrestricted online access
_2star
588 _aDescription based on print version record.
655 7 _aElectronic books.
_2local
710 2 _aProject Muse.
_edistributor
830 0 _aBook collections on Project MUSE.
856 4 0 _zFull text available:
_uhttps://muse.jhu.edu/book/9253/
945 _aProject MUSE - Archive Poetry, Fiction and Creative Non-Fiction Foundation
945 _aProject MUSE - Archive Complete Foundation
999 _c23956
_d23956